000 00435nam a2200157Ia 4500
005 20240416051049.0
008 240331s9999 xx 000 0 und d
082 _bVAM
_a323.632
100 _aVamadevan, M
245 0 _aSri Lankan repatriates in Tamil Nadu
_bRehabilitation and integration /
_cM. Vamadevan
250 _a1st.
260 _aMadras .
_bZen Publishers .
_c1989
300 _aix, 196 p.,
650 _aEconomic
942 _cL
999 _c2525
_d2525